[Event "Duisburg SBDU-ch"]
[Site "Duisburg Wohndorf Laar"]
[Date "2008.12.12"]
[Round "7"]
[White "Kohlhause, Dirk"]
[Black "Scharrenbroich, Torsten Michael"]
[Result "1/2-1/2"]
[WhiteElo "1363"]
[BlackElo "1431"]
[PlyCount "101"]
[EventDate "2008.09.05"]
[EventType "swiss"]
[EventRounds "7"]
[EventCountry "GER"]
[SourceTitle "EXT 2018"]
[Source "ChessBase"]
[SourceDate "2017.10.13"]
[SourceVersion "1"]
[SourceVersionDate "2017.10.13"]
[SourceQuality "1"]

1. c4 e5 2. Nc3 Nf6 3. Nf3 d6 4. e4 c5 5. d3 Be7 6. g3 0-0 7. Bg2 a6 8. 0-0 Nbd7 9. Rb1 Rb8 10. b4 b6 11. bxc5 Nxc5 12. d4 Ncxe4 13. Nxe4 Nxe4 14. Qc2 Nf6 15. dxe5 dxe5 16. Nxe5 Bb7 17. Be3 Bxg2 18. Kxg2 Qd6 19. Bf4 Rb7 20. Rfd1 Qc5 21. Nf3 Qc6 22. Qb3 Bc5 23. a4 a5 24. Kg1 Ng4 25. Nd4 Qf6 26. Qf3 Rd7 27. Qxg4 Rxd4 28. Rxd4 Qxd4 29. Qe2 Qd7 30. Qc2 Qg4 31. Bc7 Qe6 32. Qb3 Qf6 33. Qb2 Bd4 34. Qd2 Bc3 35. Qd6 Qxd6 36. Bxd6 Bd4 37. Bxf8 Kxf8 38. Rd1 Bc5 39. Kf1 Ke7 40. f4 f5 41. Rd5 g6 42. Ke2 h5 43. Kf3 Kf6 44. h3 Ke6 45. g4 h4 46. g5 Kf7 47. Rd7+ Kg8 48. Rc7 Kh8 49. Rc6 Kg7 50. Rf6 Kh7 51. Rf7+ 1/2-1/2